History Quiz

Random History or Clickable Quiz

Clickable Parties with Electoral Votes Quiz Stats

Quiz Updated Nov 7, 2016

Challenge
Share
Tweet
Embed
Score 0/18 Timer 03:00
0 Plays Today
% Correct
Democratic
97.1%
Republican
96.3%
Democratic-Republican
91.2%
Federalist
90.5%
Whig
88.4%
Progressive
77.5%
Bull Moose
77.3%
Libertarian
72.4%
National Republican
69.8%
% Correct
American Independent
67.4%
Populist
62.2%
Know-Nothing
60.4%
Liberal Republican
59.1%
Dixiecrat
56%
Constitutional Union
55.6%
National Union
48.6%
Anti-Masonic
39.9%
Nullifier
13.9%

You're not logged in!

Compare scores with friends on all Sporcle quizzes.
Sign Up with Email
OR
Log In

You Might Also Like...

Show Comments

Extras

Top Quizzes Today


Score Distribution

Your Account Isn't Verified!

In order to create a playlist on Sporcle, you need to verify the email address you used during registration. Go to your Sporcle Settings to finish the process.